Première Guerre Mondiale: la Guerre Totale. - Statistiques

Statistiques générales
  • Ce quiz a été pris 259 fois
  • Le résultat moyen est 5 sur 6
Statistiques - réponses
Question Réponse % Correct
Quels sont les personnels des usines lors de la Première Guerre Mondiale? Les femmes des soldats partis sur le front et les ouvriers coloniaux.
97%
Quels sont les types de mobilisation inclus dans une Guerre Totale? Les 4 catégories citées dans cette question.
93%
Afin de financer les productions des usines, l'État demande à la population de souscrire des emprunts. Qu'eurent - ils ainsi réalisés afin de convaincre le peuple? De la Propagande / Du bourrage de crânes.
85%
Quelle marque de voitures très populaire a cessé de produire leurs voitures afin de créer des Chars d'assaut et des moteurs d'Avions? Renault.
85%
Quelle procédure prend le gouvernement en voyant le contenu de certains articles de presse et certaines lettres poilus? La Censure des Articles et des Lettres.
74%
Qu'est-ce que l'économie de guerre? Reconversion des usines afin de produire des armements pour les soldats sur le front.
68%
Aucun quiz correspondant
Distribution des résultats
% des personnes avec chaque résultat
Percentile par nombre de réponses
Votre historique - résultats
Vous n’avez pas pris ce quiz